000 00553nam a22001697a 4500
005 20260508155736.0
008 260508b |||||||| |||| 00| 0 eng d
020 _a9789372128314
040 _aSGVU Library
_cSGVU Library
082 _222
_a338.1
_bROR A
100 _aRout Rajendra Kumar And Nayak Chinmayee
_940285
245 _aA Textbook On Agriculture Marketing And Trade
_hEnglish
260 _aNew Delhi , India
_bKALYANI PUBLISHERS
_c2026
300 _a566p
_bPB
650 _aAgriculture
_yG4754
_940286
942 _2ddc
_cBOOKS
_k338.1 ROR A
999 _c90271
_d90271